Guess the Harry Potter Movies by Scene #44 - Statistics

General Stats
  • This quiz has been taken 98 times
  • The average score is 18 of 20
Answer Stats
Picture Answer % Correct
Chamber of Secrets
94%
Deathly Hallows – Part 1
94%
Goblet of Fire
94%
Half-Blood Prince
94%
Half-Blood Prince
94%
Half-Blood Prince
94%
Chamber of Secrets
89%
Deathly Hallows – Part 1
89%
Deathly Hallows – Part 1
89%
Deathly Hallows – Part 1
89%
Deathly Hallows – Part 2
89%
Philosopher's Stone
89%
Philosopher's Stone
89%
Prisoner of Azkaban
89%
Deathly Hallows – Part 2
83%
Goblet of Fire
83%
Goblet of Fire
83%
Order of the Phoenix
83%
Prisoner of Azkaban
83%
Half-Blood Prince
78%
No matching quizzes found
Score Distribution
Percent of People with Each Score
Percentile by Number Answered
Your Score History
You have not taken this quiz